000 00259nam a2200109Ia 4500
008 240625s9999 xx 000 0 und d
041 _aeng
082 _a420 MCB
100 _aMCBRIDE EDWARD J
245 _aDOWNTOWN 4 ENGLISH FOR WORK AND LIFE
260 _c2006
999 _c34155
_d34155